| 000 | 00677nam a2200241 i 4500 | ||
|---|---|---|---|
| 001 | bg | ||
| 100 | 1 | _aDĘBSKI, Piotr | |
| 245 | 1 | 0 |
_aZbiór zadań z mechaniki teoretycznej : _bkinematyka / _cPiotr Dębski, Olaf Gajl, Irena Wagner ; Politechnika Łódzka. |
| 260 |
_aŁódź : _bPŁ, _c1995. |
||
| 300 |
_a190 s. : _brys., wykr. ; _c23 cm. |
||
| 504 | _aBibliogr. s. 190. | ||
| 650 | 9 | _aKinematyka | |
| 655 | _aĆwiczenia i zadania | ||
| 700 | 1 | _aGAJL, Olaf | |
| 700 | 1 | _aWAGNER, Irena | |
| 020 | _a8386453680 | ||
| 040 | _cBPK | ||
| 041 | 0 | _apol | |
| 080 | _a531.1(075.8) | ||
| 920 | _a83-86453-68-0 | ||
| 942 | _cKS | ||
| 008 | s pl f |000 0 pol | ||
| 999 |
_c24533 _d24533 |
||
| 856 |
_uhttp://koha.tu.koszalin.pl/cgi-bin/koha/opac-detail.pl?biblionumber=24533 _yKatalog online BPK |
||